| 000 | 01010nam0a2200277 i 4500 | ||
|---|---|---|---|
| 001 | RU\NLR\bibl\2048308 | ||
| 005 | 20260406063217.0 | ||
| 010 |
_a9785699644117 _93000 |
||
| 021 |
_aRU _b2013-43406 _9272д/13 |
||
| 035 | _a(NLR Aleph) 002035415 | ||
| 090 |
_a4570469 _c4570469 |
||
| 100 | _a20130628d2013 u y0rusy50 ca | ||
| 101 | 1 |
_arus _bita |
|
| 102 | _aRU | ||
| 105 | _ay ||||||||| | ||
| 200 | 1 |
_aСпартак _e[роман] _fРафаэлло Джованьоли _gпер. с ит. [А. Ясной _gпер. стихотворений М. Талова] |
|
| 210 |
_aМосква _cЭксмо _d2013 |
||
| 215 |
_a701, [1] с. _d21 |
||
| 225 | 1 | _aБиблиотека всемирной литературы | |
| 300 | _aНа обл. только загл. сер. | ||
| 700 | 1 |
_4070 _8rus _7ca _aДжованьоли _f1838-1915 _bР. _gРафаэлло _3RU\NLR\auth\7713286 _9122979 |
|
| 801 | 0 |
_aRU _bNLR _c20130628 _gRCR |
|
| 801 | 1 |
_aRU _bNLR _c20130628 |
|
| 942 | _cBOOK | ||
| 980 | _aNBR | ||